000 00544cam a2200193ua 4500
001 2564
008 110829n ii |||gr||||Z||||||asm
040 _cMAIN
082 _a491.4515
100 _aMedhi, Kaliram,
_eAuthor.
245 1 1 _aAssamese grammar and origin of the assamese language
_cby Kaliram Medhi
250 _a1st.
260 _aGuahati:
_bPublication board assam,988.
300 _a97p:
_c23cm.
653 _aAssamese grammar
653 _aGrammar
653 _aAssamese grammar and origin of the assamese language
942 _cBK
999 _c2417
_d2417